000 00732cam a2200241 a 4500
001 11925692
005 20180130034230.0
008 000229s1999 maua d 000 0 eng
010 _a 00265315
020 _a0395962145
040 _aDLC
_cDLC
_dDLC
041 _aeng
080 _a423 HOU
082 0 0 _a423 HOU
_221
100 _a24
101 _aFJA
245 0 0 _aWebster's II new college dictionary.
246 3 _aWebster's two new college dictionary
246 3 _aWebster's 2 new college dictionary
906 _a7
_bcbc
_corigcop
_d2
_encip
_f20
_gy-gencatlg
942 _2ddc
_cBK
999 _c41222
_d41222